Alphabetically First Quiz Stats

 Plays Quiz Updated Aug 6, 2018

Score 0/22 Timer 08:00
5 Plays Today
Alphabetically First... Answer % Correct
MonthApril
89.2%
U.S. StateAlabama
84.2%
ContinentAfrica
83.5%
Planet in our solar systemEarth
80.3%
U.S. President (last name)John Adams
76.2%
Great LakesLake Erie
72.3%
Santa's reindeerBlitzen
60%
Ivy League SchoolBrown
57.7%
Seven DwarfsBashful
56.9%
Sign of the ZodiacAquarius
39.3%
U.N. official languageArabic
31.5%
Alphabetically First... Answer % Correct
Country of the worldAfghanistan
30.3%
Pixar movieBrave
29.2%
Rock 'N Roll Hall of Fame bandABBA
24.9%
New Testament book (King James Bible)Acts of the Apostles
24.7%
NBA team nameMilwaukee Bucks
20.6%
Greek Olympian GodAphrodite
18.5%
Premier League Club (all time)Arsenal
17.8%
ConstellationAndromeda
11.7%
Current U.S. Supreme Court Justice (last name)Samuel Anthony Alito
10.3%
Element from the Periodic TableActinium
9.4%
Capital of the worldAbu Dhabi
6.3%

You're not logged in!

Compare scores with friends on all Sporcle quizzes.
OR
Log In

Sporcle TV

Today on Sporcle TV


Watch our educational content, quiz creation guides, and fun videos on Sporcle TV.

Show Comments

Extras

Top Quizzes Today


Score Distribution

Your Account Isn't Verified!

In order to create a playlist on Sporcle, you need to verify the email address you used during registration. Go to your Sporcle Settings to finish the process.

Report this User

Report this user for behavior that violates our Community Guidelines.

Details: